00684cam a2200181 a 450000100100000000500170001000800410002704000250006808200150009310000420010824500460015026000440019630000270024050400430026765000590031095201180036999900150048700000469120200929151501.0740104s1964 cl 000 0 spa d aDO-SdBNPbspacBNPHU a860bT693p1 aTorres-Rioseco, Arturo,d1897-91366110aPanorama de la literatura iberoamericana. a[Santigo, (Chile)] :bZig-Zag,c[1964]. axxix, 243 p. ;c21 cm. aIncluye notas al pie de las páginas. 4aLiteratura latinoamericanaxHistoria y crítica95706 001052708MOaGRbGRcCTd2009-07-24iLF1l0o860 T693pp4691-10r2020-06-25w2020-06-25y2ZPréstamo interno c4497d4497